Biosenzory ako analytické nástroje v klinickej chémii bakalárska práca

Salvato in:
Dettagli Bibliografici
Autore principale: Kovaneczová, Monika
Natura: Libro
Lingua:slovacco
Pubblicazione: Bratislava STU FCHPT 2019
Accesso online:Visualizza in OPAC
Tags: Aggiungi Tag
Nessun Tag, puoi essere il primo ad aggiungerne!!

MARC

LEADER 00000nam a2200000 a 4500
005 20260127134347.0
008 190723 2019 xo a 001 0 slo d
035 |a vtls011878487 
039 9 |y 201907231202  |z mschk03 
040 |a STUSCHK1  |b slo  |c STUSCHK1  |e AACR2 
100 1 |a Kovaneczová, Monika 
245 1 |a Biosenzory ako analytické nástroje v klinickej chémii  |b bakalárska práca  |c Monika Kovaneczová 
260 |a Bratislava  |b STU FCHPT  |c 2019 
300 |a 42 s.  |b Obr.,  |c 25 cm 
500 |a Študijný program: chémia, medicínska chémia a chemické materiály 
500 |a Študijný odbor: chémia, chemické technológie 
500 |a Školiace pracovisko: Ústav analytickej chémie 
500 |a Evid. číslo: FCHPT-13569-86719 
910 |a SCHK95 
999 |c 10799  |d 10799